| 000 | 00347cam a22001217a 4500 | ||
|---|---|---|---|
| 008 | 180718b1979 xxu||||| |||| 00| 0 eng d | ||
| 082 | _aR A2x54 Si64/79 | ||
| 100 | _aSingh, Sher | ||
| 245 |
_aIndian books in print 1979 _cby Sher Singh |
||
| 260 |
_aDelhi _bIndian Bibliographics Bureau _c1979 |
||
| 300 | _a3 vols. | ||
| 650 | _aIndian - Bibliography | ||
| 999 |
_c353496 _d353496 |
||